PHARMACEUTICAL ANALYSIS (Record no. 15372)

MARC details
000 -LEADER
fixed length control field 00309nam a22001457a 4500
003 - CONTROL NUMBER IDENTIFIER
control field SGT
020 ## - INTERNATIONAL STANDARD BOOK NUMBER
International Standard Book Number 978-81-857-
082 ## - DEWEY DECIMAL CLASSIFICATION NUMBER
Classification number 615.19
Item number P18K
100 ## - MAIN ENTRY--PERSONAL NAME
Personal name KASTURE,A.V
245 ## - TITLE STATEMENT
Title PHARMACEUTICAL ANALYSIS
260 ## - PUBLICATION, DISTRIBUTION, ETC. (IMPRINT)
Place of publication, distribution, etc DELHI
Name of publisher, distributor, etc NIRALI PUB
Year of Publication 2018
300 ## - PAGE DESCRIPTION
No. of Pages 28.6
650 ## - SUBJECT ADDED ENTRY--TOPICAL TERM
Topical term or geographic name as entry element PHARMACY
942 ## - ADDED ENTRY ELEMENTS (KOHA)
Source of classification or shelving scheme Dewey Decimal Classification
Koha item type Books
942 ## - ADDED ENTRY ELEMENTS (KOHA)
-- 2
Holdings
Withdrawn status Lost status Source of classification or shelving scheme Damaged status Not for loan Collection code Home library Current library Shelving location Date acquired Vendor Name Cost, normal purchase price SGTU Bill Number Total Checkouts Total Renewals Full call number Accession No. (Barcode) Date last seen Date last borrowed Bill Date Koha item type
    Dewey Decimal Classification     PHARMACY SGT FA-FP Library SGT FA-FP Library Text Book 21/03/2018 AHUJA PUB 225.00 SGTU 9434 7 1 615.19 P18K FP2821 01/07/2021 13/04/2021 16/03/2018 Books
    Dewey Decimal Classification     PHARMACY SGT FA-FP Library SGT FA-FP Library Text Book 21/03/2018 AHUJA PUB 225.00 SGTU 9434 10   615.19 P18K FP2822 27/09/2023 18/09/2023 16/03/2018 Books
    Dewey Decimal Classification     PHARMACY SGT FA-FP Library SGT FA-FP Library Text Book 21/03/2018 AHUJA PUB 225.00 SGTU 9434 5   615.19 P18K FP2823 22/03/2021 12/03/2021 16/03/2018 Books
    Dewey Decimal Classification     PHARMACY SGT FA-FP Library SGT FA-FP Library Text Book 21/03/2018 AHUJA PUB 225.00 SGTU 9434 2   615.19 P18K FP2824 29/11/2018 20/11/2018 16/03/2018 Books
    Dewey Decimal Classification     PHARMACY SGT FA-FP Library SGT FA-FP Library Text Book 21/03/2018 AHUJA PUB 225.00 SGTU 9434 3   615.19 P18K FP2825 09/02/2022 20/11/2018 16/03/2018 Books